| 000 | 00392nam a2200157Ia 4500 | ||
|---|---|---|---|
| 003 | OSt | ||
| 005 | 20240110165720.0 | ||
| 008 | 170523s9999 xx 000 0 und d | ||
| 020 | _a0070599300 | ||
| 040 | _ciimt university meerut | ||
| 100 | _aASHWATHAPPA- K | ||
| 245 | 0 | _aHUMAN RESOURCE AND PERSONNEL MANAGEMENT | |
| 260 | _bNEW DELHI TATA MC GRAW HILL | ||
| 260 | _c2000 | ||
| 942 |
_2ddc _c02 |
||
| 999 |
_c418 _d418 |
||